Uvedenie lokálneho produktu na zahraničný trh diplomová práca

Enregistré dans:
Détails bibliographiques
Auteur principal: Baluška, Tomáš
Collectivité auteur: Obchodná fakulta EU. Katedra medzinárodného obchodu
Autres auteurs: Donovalová, Alena, 1986-
Format: Livre
Langue:slovaque
Publié: Bratislava 2025
Tags: Ajouter un tag
Pas de tags, Soyez le premier à ajouter un tag!

MARC

LEADER 00000nbm a2200000 4500
001 0310245
005 20260319104953.4
041 0 |a slo 
044 |a SK 
245 1 0 |a Uvedenie lokálneho produktu na zahraničný trh  |b diplomová práca  |c Tomáš Baluška ; školiteľ: Alena Donovalová 
264 1 |a Bratislava  |c 2025 
300 |a 60 s. 
100 1 |a Baluška, Tomáš 
700 1 |a Donovalová, Alena, 1986- 
710 2 |a Obchodná fakulta EU. Katedra medzinárodného obchodu